| 000 | 00527nam a22002417a 4500 | ||
|---|---|---|---|
| 003 | UA-OsUOA | ||
| 001 | 38392 | ||
| 007 | ta | ||
| 008 | 20060505b un ||||| |||| 00| 0 ukr d | ||
| 090 |
_a32 _bП11 |
||
| 942 | _cMG | ||
| 040 |
_aUA-OsUOA _bukr _cUA-OsUOA _dUA-OsUOA |
||
| 245 | _aПолітика. Політичні науки | ||
| 300 | _a36 с. | ||
| 955 | _a0 | ||
| 041 | _aukr | ||
| 080 | _a32 | ||
| 260 |
_aК. _c2006 |
||
| 246 | 3 | 1 |
_a3 _n |
| 044 | _aUA | ||
| 099 | _a48763 | ||
| 650 | 7 |
_a32 Політика _2UDC |
|
| 999 |
_c324551 _d324551 |
||